000 00592nam a2200229Ia 4500
003 OSt
005 20220924113103.0
006 a|||||r|||| 00| 0
007 ta
008 220923b |||||||| |||| 00| 0 eng d
024 _a57391
037 _cDictionary
040 _aARTS
_cARTS
_beng
041 _2eng
_aeng
082 _aP113:4k, 111J8
100 _aBetteridges H T
_9169440
245 0 _aCassell's German aond English dictionary
260 _c1958
650 _aLINGUISTICS
942 _hP113:4k, 111J8
_cdic
_2cc
999 _c389188
_d389188